| 000 | 00000nam 2200000za 4500 |
| 001 | 9.816978 |
| 003 | CaOODSP |
| 005 | 20221107142353 |
| 007 | cr ||||||||||| |
| 008 | 160505s2016 onc ol f000 0 eng d |
| 040 | |aCaOODSP|beng |
| 041 | |aeng|afre |
| 043 | |an-cn--- |
| 086 | 1 |aXB421-265/1-PDF |
| 110 | 1 |aCanada. |bParliament. |bHouse of Commons. |
| 245 | 13|aAn Act to ensure secure, adequate, accessible and affordable housing for Canadians |h[electronic resource] = |bLoi visant à assurer aux Canadiens un logement sûr, adéquat, accessible et abordable. |
| 246 | 11|aLoi visant à assurer aux Canadiens un logement sûr, adéquat, accessible et abordable |
| 246 | 13|iShort title: |aSecure, Adequate, Accessible and Affordable Housing Act |
| 260 | |a[Ottawa] : |bHouse of Commons, |c2016. |
| 300 | |aii, 6 p. |
| 490 | 1 |aBill C-... ; |vBill C-265, 1st session, 42nd Parliament |
| 500 | |aFirst reading, May 3, 2016. |
| 520 | |aThe purpose of this enactment is to require the Minister responsible for the Canada Mortgage and Housing Corporation to consult with representatives of the provincial and territorial governments responsible for municipal affairs and housing and with representatives of municipalities, Aboriginal communities, non-profit and private sector housing providers and civil society organizations in order to develop and implement a national housing strategy. |
| 546 | |aText in English and in French. |
| 692 | 07|2gccst|aHousing |
| 692 | 07|2gccst|aLegislation |
| 792 | |tAn Act to ensure secure, adequate, accessible and affordable housing for Canadians |efre|w(CaOODSP)9.816979 |
| 830 | #0|aBill C-...|vBill C-265, 1st session, 42nd Parliament|w(CaOODSP)9.500659 |
| 856 | 40|qPDF|uhttps://publications.gc.ca/collections/collection_2016/parl/XB421-265-1.pdf|s209 KB |